• 首页
  • 本馆介绍
  • 公告通知
  • 最新文献
  • 馆藏检索
  • 电子资源
  • 读者导购
  • 参考咨询
  • 我的图书馆
  • 登录
  • 详细信息显示
  • 放入我的书架
  • 预约/预借图书
  • 作者相关作品
  • 分类相关作品
  • 丛书相关作品
  • 出版社相关作品

书目信息

  • 表格格式
  • 工作单格式
  • 卡片格式
题名:
植物组织培养
    
 
作者: 王蒂 主编
分册:  
出版信息: 北京   中国农业出版社  2004.06
页数: 356页
开本: 27cm
丛书名:
单 册:
中图分类: Q943.1
科图分类:
主题词: 植物学:遗传学
电子资源:
ISBN: 978-7-109-08975-4
000 00572nam0 2200205 450
001 1131277916
005 20110831084317.77
010    @a978-7-109-08975-4@dCNY33.10
100    @a20110831d2004 km y0chiy0120 ea
101 0  @achi
102    @aCN@b110000
200 1  @a植物组织培养@Azhi wu zu zhi pei yang@f王蒂主编@Fwang di zhu bian
210    @a北京@c中国农业出版社@d2004.06
215    @a356页@d27cm
300    @a全国高等农业教材
606 0  @a植物学:遗传学
690    @aQ943.1@v5
701  0 @a王蒂@Awang di@4主编
801  0 @aCN@bNISOFT@c20110831
905    @aBZT@dQ943.1@e1
    
    植物组织培养/王蒂主编.-北京:中国农业出版社,2004.06
    356页;27cm
    全国高等农业教材
    
    ISBN 978-7-109-08975-4:CNY33.10
    
●
相关链接 在五车中查询图书 在当当中查询图书 在豆瓣中查询图书


正题名:植物组织培养     索取号:Q943.1/1         预约/预借

序号 登录号 条形码 馆藏地/架位号 状态 备注
1 792163   2000792163   样本书库/样007架B面1层1列/ [索取号:Q943.1/1] 在馆    
2 792164   2000792164   中心书库中库/ 中库043架A面3列5层13/ [索取号:Q943.1/1] 在馆    
3 792165   2000792165   中心书库中库/ 中库043架A面3列5层15/ [索取号:Q943.1/1] 在馆    
4 792166   2000792166   中心书库中库/ 中库043架A面3列5层12/ [索取号:Q943.1/1] 在馆    
5 792167   2000792167   中心书库中库/ 中库043架A面3列5层14/ [索取号:Q943.1/1] 在馆    
6 792168   2000792168   中心书库中库/ 中库043架A面3列5层11/ [索取号:Q943.1/1] 在馆    
山东省滨州职业学院图书馆 欢迎您!
大连网信软件有限公司© 版权所有